Taylor Swift (Speak Now TV) A to Z - Statistics

General Stats
  • This quiz has been taken 92 times
  • The average score is 19 of 22
Answer Stats
Answer % Correct
Enchanted
95%
B Back to December
93%
Speak Now
93%
D Dear John
91%
H Haunted
91%
M Mean
89%
Mine
89%
Better than Revenge
88%
Long Live
88%
C Castles Crumbling
86%
L Last Kiss
86%
E Electric Touch
84%
Innocent
84%
S Sparks Fly
84%
F Foolish One
82%
I I Can See You
82%
Timeless
82%
W When Emma falls in Love
82%
N Never Grow Up
81%
O Ours
81%
Superman
79%
T The Story of Us
77%
No matching quizzes found
Score Distribution
Percent of People with Each Score
Percentile by Number Answered
Your Score History
You have not taken this quiz